Σλαβόφωνοι και πρόσφυγες : κράτος και πολιτικές ταυτότητες στη Μακεδονία του μεσοπολέμου

Αποθηκεύτηκε σε:
Λεπτομέρειες βιβλιογραφικής εγγραφής
Κύριος συγγραφέας: Αλβανός, Ραϋμόνδος, 1971-
Άλλοι συγγραφείς: Ασημακοπούλου, Δήμητρα (edtf)
Μορφή: Βιβλίο
Γλώσσα:Greek
Δημοσίευση: Αθήνα : Επίκεντρο, c2019.
Θέματα:
Ετικέτες: Προσθήκη ετικέτας
Δεν υπάρχουν, Καταχωρήστε ετικέτα πρώτοι!

MARC

LEADER 00000cam a2200000 a 4500
001 1/123790
008 211022s2019####gr | ||| |||| ||gre||
020 |a 9789604587771 
040 |a GR-MyUa  |b gre  |c GR-MyUa  |e AACR2 
041 0 |a gre 
082 7 |a 938.94   |2 (23) 
100 1 |a Αλβανός, Ραϋμόνδος,   |d 1971- 
245 1 0 |a Σλαβόφωνοι και πρόσφυγες :   |b κράτος και πολιτικές ταυτότητες στη Μακεδονία του μεσοπολέμου /   |c Ραϋμόνδος Αλβανός ; επιμέλεια έκδοσης Δήμητρα Ασημακοπούλου.  
260 |a Αθήνα :   |b Επίκεντρο,   |c c2019.  
300 |a 269 σ. ;   |c 24 εκ.  
504 |a Περιλαμβάνει βιβλιογραφικές παραπομπές και ευρετήριο.  
650 0 |a Slavs  |z Greece  |z Macedonia. 
650 0 |a Refugees  |x History  |z Greece  |z Macedonia. 
651 0 |a Macedonia (Greece)   |x Ethnic relations   |x History   |y 20th century. 
700 1 |a Ασημακοπούλου, Δήμητρα,  |e edtf 
852 |a INST  |b LESVOS  |e 20211022  |h 938.94 ΑΛΒ  |p 005100063851  |q 005100063851  |t BK  |y 0 
970 |a Καμάτσου  |b Δέσποινα  |z 22-10-2021